| 000 | 00706nam a2200205 a 4500 | ||
|---|---|---|---|
| 008 | 081205s2007 ||||||||||||||||| || u | ||
| 020 | _a9780340940273 | ||
| 050 | _aK 89 Gri | ||
| 100 | _aGriffin, James | ||
| 245 | 1 | 0 |
_aIntellectual property _cJames Griffin, Jane Ying and Abhilash Nair |
| 260 |
_aLondon _bHodder Arnold _c2007 |
||
| 300 | _avi, 140p.: ill. | ||
| 350 | _a0.00 | ||
| 490 | _aKey facts series | ||
| 650 | _aLAW | ||
| 650 | 2 | _aINTELLECTUAL PROPERTY | |
| 700 | _aYing, Jane | ||
| 700 | _aNair, Abhilash | ||
| 995 |
_D0.00 _FCBU-MAIN LIBRARY (Kitwe) _H1 _I75000.00 _M1 _UOUT _VMar 7, 2013 _WJan 28, 2009 _ZMain Library Open Access Collection |
||
| 999 |
_c47172 _d47172 |
||